[Event "Moja Open Prestige 2022"]
[Site "Kimberley"]
[Date "2022.03.20"]
[Round "3.6"]
[White "Makhosonke, Kuhlase Matthiolus"]
[Black "Vorster, Stephanus"]
[Result "1-0"]
[WhiteElo "1787"]
[BlackElo "1600"]
[Annotator "NA RC"]
[PlyCount "91"]
[EventDate "2022.03.19"]
[EventType "swiss"]
[EventCountry "RSA"]
[SourceTitle "playchess.com"]
[Source "ChessBase"]
[SourceQuality "1"]
[TimeControl "5400+30"]

1. d4 {[%emt 1:31:00]} d5 {[%emt 1:31:00]} 2. c4 {[%emt 0:00:30]} dxc4 {[%emt 0:00:30]} 3. Nc3 {[%emt 0:00:30]} c5 {[%emt 0:00:30]} 4. d5 {[%emt 0:00:30]} Nf6 {[%emt 0:00:30]} 5. Bg5 {[%emt 0:00:30]} Nbd7 {[%emt 0:00:30]} 6. Qa4 {[%emt 0:00:30]} Qb6 {[%emt 0:00:30]} 7. Rb1 {[%emt 0:00:30]} Qb4 {[%emt 0:00:30]} 8. Bxf6 {[%emt 0:00:30]} Qxa4 {[%emt 0:00:30]} 9. Nxa4 {[%emt 0:00:30]} exf6 {[%emt 0:00:30]} 10. Nc3 {[%emt 0:00:30]} a6 {[%emt 0:00:30]} 11. a4 {[%emt 0:00:30]} Rb8 {[%emt 0:00:30]} 12. a5 {[%emt 0:00:30]} Bd6 {[%emt 0:00:30]} 13. e4 {[%emt 0:00:30]} Bc7 {[%emt 0:00:30]} 14. Ra1 {[%emt 0:00:30]} b5 {[%emt 0:00:30]} 15. axb6 {[%emt 0:00:30]} Nxb6 {[%emt 0:00:30]} 16. Nf3 {[%emt 0:00:30]} Kd7 {[%emt 0:00:30]} 17. Nd2 {[%emt 0:00:30]} Re8 {[%emt 0:00:30]} 18. Kd1 {[%emt 0:00:30]} Bf4 {[%emt 0:00:30]} 19. g3 {[%emt 0:00:30]} Bxd2 {[%emt 0:00:30]} 20. Kxd2 {[%emt 0:00:30]} Kd6 {[%emt 0:00:30]} 21. f4 {[%emt 0:00:30]} g5 {[%emt 0:00:30]} 22. Be2 {[%emt 0:00:30]} Rg8 {[%emt 0:00:30]} 23. f5 {[%emt 0:00:30]} Rh8 {[%emt 0:00:30]} 24. h4 {[%emt 0:00:30]} Ke5 {[%emt 0:00:30]} 25. hxg5 {[%emt 0:00:30]} fxg5 {[%emt 0:00:30]} 26. Rh5 {[%emt 0:00:30]} f6 {[%emt 0:00:30]} 27. Kc2 {[%emt 0:00:30]} Ra8 {[%emt 0:00:30]} 28. Ra5 {[%emt 0:00:30]} Kd4 {[%emt 0:00:30]} 29. Rh1 {[%emt 0:00:30]} Nd7 {[%emt 0:00:30]} 30. Rd1+ {[%emt 0:00:30]} Ke5 {[%emt 0:00:30]} 31. Bxc4 {[%emt 0:00:30]} h5 {[%emt 0:00:30]} 32. Rh1 {[%emt 0:00:30]} h4 {[%emt 0:00:30]} 33. Raa1 {[%emt 0:00:30]} Bb7 {[%emt 0:00:30]} 34. g4 {[%emt 0:00:30]} Nb6 {[%emt 0:00:30]} 35. Kd3 {[%emt 0:00:30]} Rhc8 {[%emt 0:00:30]} 36. Ra3 {[%emt 0:00:30]} a5 {[%emt 0:00:30]} 37. Bb5 {[%emt 0:00:30]} Ra7 {[%emt 0:00:30]} 38. Rha1 {[%emt 0:00:30]} Rca8 {[%emt 0:00:30]} 39. Ke3 {[%emt 0:00:30]} Ba6 {[%emt 0:00:30]} 40. Rxa5 {[%emt 0:00:30]} Bxb5 {[%emt 0:00:30]} 41. Rxa7 {[%emt 0:00:30]} Rxa7 {[%emt 0:00:30]} 42. Rxa7 {[%emt 0:00:30]} Bd7 {[%emt 0:00:30]} 43. b3 {[%emt 0:00:30]} Kd6 {[%emt 0:00:30]} 44. Rb7 {[%emt 0:00:30]} Nc8 {[%emt 0:00:30]} 45. e5+ {[%emt 0:00:30]} fxe5 {[%emt 0:00:30]} 46. Ne4+ {[%emt 0:00:30]} 1-0

[Event "Moja Open Prestige 2022"]
[Site "Kimberley"]
[Date "2022.03.20"]
[Round "3.7"]
[White "Vorster, Tyrone"]
[Black "Mathebula, Xolani Cebo"]
[Result "0-1"]
[WhiteElo "1192"]
[BlackElo "1752"]
[Annotator "NA RC"]
[PlyCount "96"]
[EventDate "2022.03.19"]
[EventType "swiss"]
[EventCountry "RSA"]
[SourceTitle "playchess.com"]
[Source "ChessBase"]
[SourceQuality "1"]
[TimeControl "5400+30"]

1. e4 {[%emt 1:31:00]} e5 {[%emt 1:31:00]} 2. Bc4 {[%emt 0:00:30]} Nc6 {[%emt 0:00:30]} 3. Nf3 {[%emt 0:00:30]} Nf6 {[%emt 0:00:30]} 4. d4 {[%emt 0:00:30]} exd4 {[%emt 0:00:30]} 5. O-O {[%emt 0:00:30]} d6 {[%emt 0:00:30]} 6. Nxd4 {[%emt 0:00:30]} Ne5 {[%emt 0:00:30]} 7. Bb3 {[%emt 0:00:30]} Be7 {[%emt 0:00:30]} 8. f4 {[%emt 0:00:30]} Ng6 {[%emt 0:00:30]} 9. Nc3 {[%emt 0:00:30]} O-O {[%emt 0:00:30]} 10. h3 {[%emt 0:00:30]} Re8 {[%emt 0:00:30]} 11. g4 {[%emt 0:00:30]} Bf8 {[%emt 0:00:30]} 12. f5 {[%emt 0:00:30]} Ne5 {[%emt 0:00:30]} 13. g5 {[%emt 0:00:30]} Nfd7 {[%emt 0:00:30]} 14. Qh5 {[%emt 0:00:30]} Kh8 {[%emt 0:00:30]} 15. Rf4 {[%emt 0:00:30]} g6 {[%emt 0:00:30]} 16. fxg6 {[%emt 0:00:30]} fxg6 {[%emt 0:00:30]} 17. Qh4 {[%emt 0:00:30]} Nb6 {[%emt 0:00:30]} 18. Nf3 {[%emt 0:00:30]} Bg7 {[%emt 0:00:30]} 19. Be3 {[%emt 0:00:30]} c6 {[%emt 0:00:30]} 20. Rf1 {[%emt 0:00:30]} Be6 {[%emt 0:00:30]} 21. Bxe6 {[%emt 0:00:30]} Rxe6 {[%emt 0:00:30]} 22. Nxe5 {[%emt 0:00:30]} Rxe5 {[%emt 0:00:30]} 23. Rf7 {[%emt 0:00:30]} Re7 {[%emt 0:00:30]} 24. Rxg7 {[%emt 0:00:30]} Kxg7 {[%emt 0:00:30]} 25. Bd4+ {[%emt 0:00:30]} Kg8 {[%emt 0:00:30]} 26. Bf6 {[%emt 0:00:30]} Nc4 {[%emt 0:00:30]} 27. Bxe7 {[%emt 0:00:30]} Qxe7 {[%emt 0:00:30]} 28. b3 {[%emt 0:00:30]} Ne3 {[%emt 0:00:30]} 29. Rf2 {[%emt 0:00:30]} Qe5 {[%emt 0:00:30]} 30. Ne2 {[%emt 0:00:30]} Nxc2 {[%emt 0:00:30]} 31. Nf4 {[%emt 0:00:30]} Nd4 {[%emt 0:00:30]} 32. Nd3 {[%emt 0:00:30]} Qe7 {[%emt 0:00:30]} 33. Qf4 {[%emt 0:00:30]} Rf8 {[%emt 0:00:30]} 34. Qxf8+ {[%emt 0:00:30]} Qxf8 {[%emt 0:00:30]} 35. Rxf8+ {[%emt 0:00:30]} Kxf8 {[%emt 0:00:30]} 36. Kf2 {[%emt 0:00:30]} Ke7 {[%emt 0:00:30]} 37. Ke3 {[%emt 0:00:30]} Ne6 {[%emt 0:00:30]} 38. h4 {[%emt 0:00:30]} Nc5 {[%emt 0:00:30]} 39. Nf4 {[%emt 0:00:30]} Nd7 {[%emt 0:00:30]} 40. Kd4 {[%emt 0:00:30]} Ne5 {[%emt 0:00:30]} 41. Ke3 {[%emt 0:00:30]} a5 {[%emt 0:00:30]} 42. a4 {[%emt 0:00:30]} b5 {[%emt 0:00:30]} 43. Ne2 {[%emt 0:00:30]} bxa4 {[%emt 0:00:30]} 44. bxa4 {[%emt 0:00:30]} Nc4+ {[%emt 0:00:30]} 45. Kd4 {[%emt 0:00:30]} Nb6 {[%emt 0:00:30]} 46. Nc3 {[%emt 0:00:30]} Ke6 {[%emt 0:00:30]} 47. Kd3 {[%emt 0:00:30]} Ke5 {[%emt 0:00:30]} 48. Ke3 {[%emt 0:00:30]} d5 {[%emt 0:00:30]} 0-1

[Event "Moja Open Prestige 2022"]
[Site "Kimberley"]
[Date "2022.03.20"]
[Round "3.8"]
[White "Goosen, Anton"]
[Black "Makoto, Rodwell"]
[Result "0-1"]
[WhiteElo "1947"]
[BlackElo "2349"]
[Annotator "TA"]
[PlyCount "138"]
[EventDate "2022.03.19"]
[EventType "swiss"]
[EventCountry "RSA"]
[SourceTitle "playchess.com"]
[Source "ChessBase"]
[SourceQuality "1"]

{[%evp 10,138,33,6,18,0,39,26,68,40,69,40,88,12,30,36,29,30,33,14,48,41,41,42,47,0,27,18,26,26,55,7,7,-14,-6,-13,0,-18,-19,-26,-28,-31,-31,-39,-14,-20,-18,-14,0,0,0,-12,-12,-19,0,0,0,-11,0,-6,-6,-4,-4,-73,-77,-93,-75,-75,-89,-83,-93,-81,-83,-147,-140,-188,-218,-218,-190,-173,-146,-196,-139,-144,-152,-191,-197,-196,-201,-220,-218,-324,-308,-428,-402,-408,-393,-501,-501,-484,-487,-458,-464,-453,-406,-937,-937,-922,-929,-910,-883,-672,-581,-669,-610,-687,-722,-837,-663,-827,-816,-29976,-29977,-29976,-935,-29976,-29978,-29983,-29984,-29984,-29985]} 1. e4 {RR} e5 2. Nf3 Nc6 3. d4 exd4 4. Nxd4 Bb4+ 5. c3 Bc5 6. Be3 Bb6 $1 {C45: Scotch Game.} 7. Qg4 g6 8. Qg3 {Hoping for Nxc6.} d6 (8... Qe7 $11) 9. Nd2 {[#]} h5 $146 ({Predecessor:} 9... Qe7 10. Bb5 Bd7 11. Bxc6 bxc6 12. O-O-O Nf6 13. h4 c5 14. Nc2 Qe6 15. Bg5 Nh5 {0-1 (37) Tomczak,J (2552)-Bachmann,A (2601) Cappelle la Grande 2015 EXT 2016 [RR]}) 10. h4 Qe7 (10... Nge7 $14) 11. Be2 ({Better is} 11. Nxc6 $16 bxc6 12. Bg5) 11... Nxd4 12. Bxd4 Bxd4 13. cxd4 Nf6 14. Qg5 Bg4 15. f3 Be6 16. Rc1 c6 {Prevents d5.} 17. b3 (17. b4 $14 {was preferrable.}) 17... Nh7 18. Qxe7+ Kxe7 19. Kf2 {[%cal Od4d5]} Nf8 20. Bc4 (20. b4 $14) 20... d5 $11 21. exd5 cxd5 22. Bd3 Kd6 {Inhibits Rc7.} 23. b4 Bd7 24. Nb3 b6 {Prevents Nc5.} 25. Rc3 Ne6 26. Rhc1 Ba4 27. Ba6 Rad8 28. Bc8 Bd7 29. Bxd7 Rxd7 30. g3 Rc7 31. a4 a6 32. Rxc7 Nxc7 {[%mdl 4096] Endgame KRN-KRN} 33. Ke3 f6 34. Kd2 g5 35. Rh1 Ne6 36. Ke3 (36. a5 $11 {remains equal.}) 36... Rc8 $17 {Strongly threatening ...Rc3+.} 37. Rc1 {[#] To avoid Rc3+} Re8 38. Kf2 gxh4 39. gxh4 Nf4 {...Nd3+ is the strong threat.} 40. Rc3 {[#] Prevents Nd3+.} Re2+ $1 41. Kf1 (41. Kg3 $142 Ne6 42. a5 bxa5 43. Nxa5) 41... Rb2 {Black is more active.} 42. b5 (42. a5 $17 Ne2 43. Rd3) 42... axb5 $19 43. axb5 Kd7 44. Ke1 Ng6 45. Kd1 (45. Nc1 $17 {keeps fighting.}) 45... Ne7 (45... Nxh4 $19 {White must now prevent ...Nf5.} 46. Kc1 Re2) 46. Nc1 $17 Rxb5 47. Nd3 {Inhibits Rb4.} Rb1+ 48. Kd2 Rh1 49. Rb3 Kc7 ({Weaker is} 49... Rxh4 50. Rxb6 Nc6 51. Nc5+ Kd6 52. Ne6 $17) 50. Nb4 (50. Rc3+ $142 Kb7 51. Nf4) 50... Rxh4 $19 51. Na6+ Kb7 52. Nc5+ Kc6 53. Ne6 Nf5 54. Kd3 Rh3 55. Ke2 Rh2+ 56. Ke1 h4 57. Nd8+ (57. Rc3+ $142 Kd6 58. Nf4) 57... Kd7 58. Rb5 Ne3 59. Nf7 Kc6 60. Rb3 Nc2+ 61. Kf1 Nxd4 62. Rc3+ Kd7 63. Rd3 Ne2 {And now ...Ng3+ would win.} 64. Nh6 h3 {( -> ...Ng3+)} 65. Ng4 Ng3+ 66. Ke1 Re2+ 67. Kd1 f5 {Black mates.} 68. f4 fxg4 69. Rxg3 Rg2 {Weighted Error Value: White=0.28 (precise) /Black=0.11 (very precise)} 0-1

[Event "Moja Open Prestige 2022"]
[Site "Kimberley"]
[Date "2022.03.20"]
[Round "4.1"]
[White "Makhosonke, Kuhlase Matthiolus"]
[Black "Cawdery, Daniel"]
[Result "0-1"]
[WhiteElo "1787"]
[BlackElo "2419"]
[Annotator "TA"]
[PlyCount "48"]
[EventDate "2022.03.19"]
[EventType "swiss"]
[EventCountry "RSA"]
[SourceTitle "playchess.com"]
[Source "ChessBase"]
[SourceQuality "1"]

{[%evp 9,48,2,6,-58,-64,-126,-121,-119,-115,-122,-121,-314,-323,-314,-302,-325,-245,-586,-578,-838,-831,-831,-542,-885,-842,-833,-823,-820,-840,-830,-810,-837,-806,-817,-811,-714,-645,-763,-751,-767,201]} 1. d4 d5 2. c4 dxc4 3. Qa4+ c6 4. Qxc4 Nf6 5. Nc3 Bf5 6. Bg5 {[#] D20: Queen's Gambit Accepted: 3 e3 and 3 e4.} (6. Qb3 $11) 6... b5 $146 {[%cal Bb7b5,Bb5b4,Bb4b3,Bb3a2][%mdl 32]} ({Predecessor:} 6... Nbd7 7. e3 e6 8. Nf3 Be7 9. Be2 Ne4 10. Nxe4 Bxe4 11. Bxe7 Qxe7 12. Qb3 O-O {½-½ (26) Pereira da Silva,E (1638)-Menna Barreto Neto,J (1728) Brasilia 2015}) 7. Qc5 (7. Qb3 $1 $15) 7... e6 $17 8. Qe5 {Black is better.} Nbd7 (8... Na6 {seems wilder.} 9. O-O-O Nb4 10. e4 Bg4 11. f3 Nxa2+ 12. Nxa2 Bd6) 9. Qf4 {[#]} Qa5 $1 10. Qd2 $2 (10. Qc1 $17 {is the only way for White.}) 10... b4 $19 11. Nd1 Ne4 12. Qc1 b3+ 13. Bd2 $2 (13. Nc3 Nxg5 14. axb3) 13... Nxd2 {Black is clearly winning.} 14. Qxd2 Bb4 {[%csl Ga5][%cal Rb4d2] [#]} 15. Nc3 Nf6 {[%cal Bd7f6,Bf6e4,Be4c3][%mdl 32] Threatens to win with ...Ne4.} 16. Nf3 Ne4 17. Qc1 bxa2 {[%cal Re4c3]} 18. Nd2 Bxc3 19. bxc3 Rb8 {And now ...Nxd2 would win.} 20. Nc4 Qxc3+ 21. Qxc3 Nxc3 22. Nd2 Ke7 {aiming for ...Rb2.} 23. e4 Bxe4 24. f3 Rb3 $4 {[%mdl 40960] White did not feel at home in the position after the opening.  Weighted Error Value: White=0.87/Black=0.21 (precise) . Loss on time!?} 0-1

[Event "Moja Open Prestige 2022"]
[Site "Kimberley"]
[Date "2022.03.20"]
[Round "4.2"]
[White "Mathebula, Xolani Cebo"]
[Black "Mlahleki, Vusimuzi"]
[Result "1/2-1/2"]
[WhiteElo "1752"]
[BlackElo "1980"]
[Annotator "NA RC"]
[PlyCount "46"]
[EventDate "2022.03.19"]
[EventType "swiss"]
[EventCountry "RSA"]
[SourceTitle "playchess.com"]
[Source "ChessBase"]
[SourceQuality "1"]
[TimeControl "5400+30"]

1. e4 {[%emt 0:06:45]} e5 {[%emt 0:00:00]} 2. Nf3 {[%emt 0:00:21]} Nc6 {[%emt 0:00:48]} 3. Bc4 {[%emt 0:00:31]} Nf6 {[%emt 0:00:10]} 4. d3 {[%emt 0:00:08]} Be7 {[%emt 0:00:07]} 5. O-O {[%emt 0:00:13]} d6 {[%emt 0:00:03]} 6. c3 {[%emt 0:00:17]} O-O {[%emt 0:00:33]} 7. Re1 {[%emt 0:01:00]} Na5 {[%emt 0:00:44]} 8. Nbd2 {[%emt 0:00:51]} Nxc4 {[%emt 0:02:47]} 9. Nxc4 {[%emt 0:01:05]} Be6 {[%emt 0:00:25]} 10. Ne3 {[%emt 0:00:58]} h6 {[%emt 0:01:35]} 11. Bd2 {[%emt 0:01:06]} c6 {[%emt 0:01:15]} 12. Qc2 {[%emt 0:00:35]} Qc7 {[%emt 0:09:30]} 13. d4 {[%emt 0:07:29]} Rfe8 {[%emt 0:01:23]} 14. c4 {[%emt 0:11:03]} Bf8 {[%emt 0:12:27]} 15. Bc3 {[%emt 0:03:34]} Bd7 {[%emt 0:08:22]} 16. dxe5 {[%emt 0:04:58]} dxe5 {[%emt 0:02:30]} 17. Red1 {[%emt 0:01:29]} Bc5 {[%emt 0:06:43]} 18. Nf1 {[%emt 0:02:36]} a5 {[%emt 0:05:15]} 19. a3 {[%emt 0:07:17]} a4 {[%emt 0:01:58]} 20. Qe2 {[%emt 0:05:11]} Bc8 {[%emt 0:15:31]} 21. Rd3 {[%emt 0:00:56]} Nh5 {[%emt 0:07:33]} 22. g3 {[%emt 0:00:08]} Nf6 {[%emt 0:00:25]} 23. Kg2 {[%emt 0:01:09]} Nd7 {[%emt 0:03:14]} 1/2-1/2

[Event "Moja Open Prestige 2022"]
[Site "Kimberley"]
[Date "2022.03.20"]
[Round "4.3"]
[White "Karsten, Jan"]
[Black "Palmer, Reegan"]
[Result "*"]
[WhiteElo "1679"]
[BlackElo "1572"]
[Annotator "NA RC"]
[PlyCount "67"]
[EventDate "2022.03.19"]
[EventType "swiss"]
[EventCountry "RSA"]
[SourceTitle "playchess.com"]
[Source "ChessBase"]
[SourceQuality "1"]
[TimeControl "5400+30"]

1. e4 {[%emt 0:00:05]} e6 {[%emt 0:00:11]} 2. d4 {[%emt 0:00:07]} d5 {[%emt 0:00:07]} 3. Nc3 {[%emt 0:00:04]} Nf6 {[%emt 0:00:08]} 4. Bg5 {[%emt 0:00:07]} Bb4 {[%emt 0:01:21]} 5. e5 {[%emt 0:00:12]} h6 {[%emt 0:00:08]} 6. Bc1 {[%emt 0:00:05]} Ne4 {[%emt 0:01:44]} 7. Qg4 {[%emt 0:00:22]} Kf8 {[%emt 0:15:23]} 8. Nge2 {[%emt 0:01:11]} Nxc3 {[%emt 0:02:54]} 9. bxc3 {[%emt 0:01:02]} Be7 {[%emt 0:00:13]} 10. h4 {[%emt 0:00:30]} f5 {[%emt 0:08:33]} 11. Qg3 {[%emt 0:03:43]} Rg8 {[%emt 0:00:54]} 12. h5 {[%emt 0:03:46]} Bg5 {[%emt 0:01:20]} 13. Nf4 {[%emt 0:00:16]} Kf7 {[%emt 0:03:38]} 14. Ba3 {[%emt 0:03:23]} Nc6 {[%emt 0:01:33]} 15. Bd3 {[%emt 0:04:41]} Re8 {[%emt 0:01:05]} 16. Nh3 {[%emt 0:03:15]} Kg8 {[%emt 0:02:06]} 17. Nxg5 {[%emt 0:01:27]} Qxg5 {[%emt 0:01:21]} 18. Qf3 {[%emt 0:00:11]} Na5 {[%emt 0:56:51]} 19. Bc1 {[%emt 0:03:56]} Qe7 {[%emt 0:00:00]} 20. g4 {[%emt 0:00:56]} Qf7 {[%emt 0:00:00]} 21. g5 {[%emt 0:02:29]} hxg5 {[%emt 0:00:00]} 22. Bxg5 {[%emt 0:00:09]} Kh7 {[%emt 0:00:00]} 23. Kd2 {[%emt 0:02:10]} Nc4+ {[%emt 0:00:00]} 24. Bxc4 {[%emt 0:00:07]} dxc4 {[%emt 0:00:00]} 25. Rag1 {[%emt 0:00:18]} Bd7 {[%emt 0:00:00]} 26. Qf4 {[%emt 0:00:47]} Bc6 {[%emt 0:00:00]} 27. Rh3 {[%emt 0:00:56]} Rg8 {[%emt 0:00:00]} 28. Qg3 {[%emt 0:01:20]} Be8 {[%emt 0:00:00]} 29. Bf4 {[%emt 0:02:23]} Qd7 {[%emt 0:00:00]} 30. Qh4 {[%emt 0:02:43]} Qf7 {[%emt 0:00:00]} 31. Rg6 {[%emt 0:01:32]} Kh8 {[%emt 0:00:00]} 32. Rhg3 {[%emt 0:00:31]} Qd7 {[%emt 0:00:00]} 33. h6 {[%emt 0:02:12]} Bxg6 {[%emt 0:00:00]} 34. hxg7+ {[%emt 1:00:34]} *

[Event "Moja Open Prestige 2022"]
[Site "Kimberley"]
[Date "2022.03.20"]
[Round "4.4"]
[White "Makoto, Rodwell"]
[Black "Smit, Devon"]
[Result "1-0"]
[WhiteElo "2349"]
[BlackElo "1713"]
[Annotator "TA"]
[PlyCount "63"]
[EventDate "2022.03.19"]
[EventType "swiss"]
[EventCountry "RSA"]
[SourceTitle "playchess.com"]
[Source "ChessBase"]
[SourceQuality "1"]

{[%evp 15,63,20,43,40,56,62,44,8,4,4,36,35,47,46,65,39,52,52,133,119,135,134,231,228,221,210,246,280,318,298,316,283,285,283,394,346,335,321,308,289,344,316,414,414,505,433,846,819,719,680]} 1. Nf3 Nf6 2. c4 c5 3. g3 g6 4. Bg2 Bg7 5. Nc3 d6 6. d4 cxd4 7. Nxd4 O-O 8. O-O Qc7 9. Bg5 {[#] E65: King's Indian: Fianchetto: 6...c5 7 0-0 without d5 by White.} Qc5 $146 ({Predecessor:} 9... Nbd7 10. Rc1 h6 11. Bf4 a6 12. Nb3 Nc5 13. Nxc5 Qxc5 14. Qd2 Qh5 15. Nd5 Nxd5 16. cxd5 g5 {1-0 (34) Kosten,A (2514)-Dujardin,F (2082) France 2010}) 10. Bxf6 Bxf6 11. Nb3 {White is slightly better.} (11. e3 $5 {[%cal Rc3d5]}) 11... Qxc4 12. Nd5 Nd7 13. Qd2 {[%mdl 1024] White has compensation.} Rb8 14. Rfc1 {[%cal Bf1c1,Bc1c7,Bc7a7][%mdl 32]} Qg4 15. Rc7 {White is more active.} Re8 16. Rac1 Ne5 {White leaves nothing to chance now.} ({Black should try} 16... Qg5 $14) 17. Nxf6+ exf6 {[#]} 18. Nd4 $1 {Inhibits Nc6.} (18. Qxd6 $6 Be6 $11) 18... b5 (18... Qh5 $16 19. b3 Nd7) 19. b3 $18 ({Don't take} 19. Rxa7 g5 20. Rcc7 Be6) 19... Qh5 20. Rxa7 Bh3 21. Bd5 Rbc8 22. f4 Rxc1+ 23. Qxc1 Nd7 24. Bf3 Qh6 25. Nxb5 Qf8 26. Qd2 d5 {[#] And now ...Qc5+ would win.} 27. b4 {Inhibits Qc5+.} ({Don't do} 27. Qxd5 Qb4 28. Kf2 Rb8 $18) 27... Nb6 28. Qd4 Re6 29. Qc5 Qd8 30. Nd4 {White is clearly winning.} Qb8 (30... Rd6 $142 31. Nc6 Nd7 32. Nxd8 (32. Qxd6 $2 {loses.} Qb6+ 33. Qc5 Nxc5 $19) 32... Nxc5) 31. Nxe6 Bxe6 32. Qc7 {Weighted Error Value: White=0.09 (flawless) /Black=0.40} 1-0

[Event "Moja Open Prestige 2022"]
[Site "Kimberley"]
[Date "2022.03.20"]
[Round "4.5"]
[White "Chikwavaire, Tapiwa"]
[Black "Simpson, Michael M"]
[Result "0-1"]
[WhiteElo "2007"]
[BlackElo "1995"]
[Annotator "TA"]
[PlyCount "42"]
[EventDate "2022.03.19"]
[EventType "swiss"]
[EventCountry "RSA"]
[SourceTitle "playchess.com"]
[Source "ChessBase"]
[SourceQuality "1"]

{[%evp 17,42,0,13,0,0,0,4,3,8,-7,-6,-118,-116,-146,-131,-206,-112,-672,-675,-638,-647,-1231,-1218,-1110,-1109,-1011,-986]} 1. e4 e5 2. Nf3 Nc6 3. Bc4 Bc5 4. Nc3 Nf6 5. d3 h6 6. h3 a6 7. a3 d6 8. Be3 Ba7 9. O-O O-O 10. Nd5 {C50: Hungarian Defence and Giuoco Pianissimo.} Nxd5 {[#]} 11. Bxd5 $146 ({Predecessor:} 11. exd5 Ne7 12. d4 e4 13. Nh4 Nxd5 14. Bxd5 Qxh4 15. f3 exf3 16. Rxf3 c6 17. Bxf7+ Rxf7 18. Rxf7 Kxf7 {0-1 (64) Antoniou,E-Sagastegui,T (1282) Chess.com INT 2021}) 11... Ne7 12. Ba2 {The position is equal.} Ng6 13. Qd2 Qf6 {[%cal Oc8h3]} 14. Rad1 {[#]} (14. Kh2 $11 {remains equal.}) 14... Bxh3 $1 $17 {[%mdl 512]} 15. Bxa7 {aiming for Be3.} (15. Rde1 Bg4) 15... Rxa7 16. Qe3 {[#]} (16. Ne1 $17 Bd7 17. g3) 16... Bg4 $40 {[%mdl 128] Black wants a kill.} ({Black should play} 16... Nf4 $1 $19 {[%cal Of4g2][%mdl 512]} 17. g3 (17. Qxa7 $2 {too greedy.} Nxg2 18. Nxe5 Nf4 $19) 17... Raa8) 17. Qxa7 $4 {[%mdl 8192]} (17. Nxe5 $17 Nxe5 18. f3 (18. Qxa7 {is a self mate.} Nf3+ 19. gxf3 Bxf3 20. Bxf7+ Qxf7 21. Qe3 Qg6+)) 17... Bxf3 $19 {Black is clearly winning.} 18. Qe3 {[#]} Nh4 19. Kh2 (19. Qxf3 Nxf3+) 19... Nxg2 20. Kg3 Nxe3 21. fxe3 Bxd1 {White got outplayed after the opening.  Weighted Error Value: White=1.01/Black=0.10 (very precise)} 0-1

[Event "Moja Open Prestige 2022"]
[Site "Kimberley"]
[Date "2022.03.20"]
[Round "4.6"]
[White "Ngubeni, Jackie M."]
[Black "Bhawoodien, Shabir Hussain"]
[Result "0-1"]
[WhiteElo "1325"]
[BlackElo "2058"]
[Annotator "TA"]
[PlyCount "87"]
[EventDate "2022.03.19"]
[EventType "swiss"]
[EventCountry "RSA"]
[SourceTitle "playchess.com"]
[Source "ChessBase"]
[SourceQuality "1"]

{[%evp 20,87,31,10,12,13,7,2,0,0,14,14,14,19,19,0,33,33,33,33,33,36,31,-18,-21,-64,-66,-75,-1,-41,-5,-21,0,0,-14,-51,-51,-55,-47,-54,-53,-52,0,-53,-47,-54,-29,-50,-53,-48,-47,-47,-26,-28,-33,-32,0,-54,-27,-64,118,-32,-40,-1129,-1111,-1472,-1319,-1411,-1296,-1256]} 1. Nf3 Nf6 2. c4 c6 3. g3 d5 4. Bg2 Bf5 5. O-O e6 6. cxd5 cxd5 7. Qb3 Qb6 8. Qxb6 axb6 9. d3 Nc6 10. Nc3 Bc5 11. Bf4 O-O {A11: English Opening: 1...c6.} 12. Nb5 Bg4 {[#]} 13. h3 $146 ({Predecessor:} 13. Rfc1 Rfc8 14. a3 Bxf3 15. Bxf3 Nd4 16. Nxd4 Bxd4 17. Rab1 h6 18. Bd2 Rxc1+ 19. Bxc1 {1-0 (45) Horton,A (2151)-Wadsworth,M (2064) Birmingham 2015}) 13... Bxf3 {The position is equal.} 14. Bxf3 Nd4 15. Nxd4 Bxd4 16. Rfb1 Nd7 17. e3 Bf6 18. Bd6 {A strong pair of Bishops.} Rfc8 19. d4 g6 20. Rc1 (20. a3 {seems wilder.} Bg7 21. Rc1 Rc6 22. Bb4 Nc5 23. Rc3) 20... Rc6 21. Rxc6 (21. Bb4 $14 {should be considered.}) 21... bxc6 $11 {[%cal Bb7c6,Bc6c5][%mdl 32]} 22. Bb4 (22. Rc1 $11 {feels stronger.} c5 23. dxc5 bxc5 24. b4) 22... c5 $15 23. Bc3 Kf8 ({Black should try} 23... b5 $1 $17) 24. a3 Ke8 (24... b5 $5 {[%cal Rb5b4]}) 25. Rd1 Rc8 26. Be2 c4 27. Bf3 (27. a4 $5 {[%cal Rd1b1]}) 27... b5 28. Kg2 Nb6 29. Rb1 Be7 30. Ba5 Na4 (30... Rb8 $15) 31. Bd1 (31. b3 $11) 31... Ra8 32. Bd2 Kd7 33. Bc2 Kc6 34. Kf3 Nb6 35. Ke2 b4 36. axb4 Ra2 37. Kd1 {[%cal Ob4b5]} Na4 (37... Kb5 $5 {[%cal Re7b4]}) 38. b3 (38. Kc1 $11) 38... Nb2+ $1 39. Ke2 {[%cal Ob4b5]} Nd3 $2 {[#] Black is more active.} (39... Kb5 $1 $15 {keeps the upper hand.}) 40. Bxd3 (40. bxc4 $1 $16 dxc4 {[#]} 41. Bb3 $1 (41. Bxd3 c3 $14) 41... Nf4+ 42. gxf4 (42. exf4 cxb3 43. Rxb3 Kb5 $16) 42... cxb3 43. Rxb3) 40... c3 $1 {[%mdl 64] Pin} 41. Rc1 $2 {[%mdl 8192] Loses the game.} Rxd2+ $19 {Black is clearly winning.} 42. Ke1 Rxd3 43. Ra1 Bd6 44. Ke2 {Weighted Error Value: White=0.53/Black=0.23 (precise)} 0-1